Turistas de antaño / (Record no. 189757)
[ view plain ]
| 000 -LEADER | |
|---|---|
| campo de control de longitud fija | 00740nam a2200217 i 4500 |
| 001 - NÚMERO DE CONTROL | |
| campo de control | 189757 |
| 003 - IDENTIFICADOR DE NÚMERO DE CONTROL | |
| campo de control | ES-MaACL |
| 005 - FECHA Y HORA DE LA ÚLTIMA TRANSACCIÓN | |
| campo de control | 20250818063119.0 |
| 007 - CAMPO FIJO DE DESCRIPCIÓN FÍSICA--INFORMACIÓN GENERAL | |
| campo de control de longitud fija | t| |
| 008 - DATOS DE LONGITUD FIJA--INFORMACIÓN GENERAL | |
| campo de control de longitud fija | 191014s1960 sp ||||1| spa d |
| 100 1# - ENTRADA PRINCIPAL--NOMBRE DE PERSONA | |
| Nombre de persona | Verne, Jules, |
| Fechas asociadas al nombre | 1828-1905 |
| 9 (RLIN) | 188654 |
| 245 10 - MENCIÓN DEL TÍTULO | |
| Título | Turistas de antaño / |
| Mención de responsabilidad, etc. | Julio Verne ; [traducción, S. Nerval, Mª Carmen Nicolau]. |
| 260 ## - PUBLICACIÓN, DISTRIBUCIÓN, ETC. | |
| Lugar de publicación, distribución, etc. | Barcelona : |
| Nombre del editor, distribuidor, etc. | Miguel Arimany, |
| Fecha de publicación, distribución, etc. | 1960. |
| 300 ## - DESCRIPCIÓN FÍSICA | |
| Extensión | 1 v. : |
| Otras características físicas | il. ; |
| Dimensiones | 24 cm. |
| 490 1# - MENCIÓN DE SERIE | |
| Mención de serie | Clásicos de la juventud ; |
| Designación de volumen o secuencia | 11 |
| 505 8# - NOTA DE CONTENIDO CON FORMATO | |
| Nota de contenido con formato | Contiene: El rayo verde ; Claudio Bombarnac ; Agencia Thompson y Cía |
| 700 0# - ENTRADA AGREGADA--NOMBRE PERSONAL | |
| Nombre de persona | Nerval, S. |
| 9 (RLIN) | 85402 |
| 830 0# - PUNTO DE ACCESO ADICIONAL DE SERIE-TÍTULO UNIFORME | |
| Título uniforme | Clásicos de la juventud ; |
| Designación de volumen o secuencia | 11 |
| 9 (RLIN) | 186501 |
| 852 ## - LOCALIZACIÓN | |
| Ubicación | ES-MaACL |
| Número de control de estantería | P-993-Bis-5 |
| Estatus retirado | Estado de pérdida | Estado de daño | No para préstamo | Biblioteca de origen | Biblioteca actual | Ubicación en estantería | Fecha de adquisición | Fuente de adquisición | Total de préstamos | Signatura topográfica completa | Código de barras | Visto por última vez | Precio de reemplazo | Tipo de ítem Koha |
|---|---|---|---|---|---|---|---|---|---|---|---|---|---|---|
| Biblioteca del Ateneo de Madrid | Biblioteca del Ateneo de Madrid | Depósito 2 | 14/10/2019 | P-993-Bis-5 | 1201194 | 23/02/2023 | 23/02/2023 | Libro impreso |
